=LDR 00000nam 2200000 4500 =001 INLIS000000000063666 =005 20240613012916 =035 ##$$a 0010-0624000011 =007 ta =008 240613################g##########0#ind## =110 1#$$a Tim Karya Tani Mandiri =245 ##$$a Pedoman bertanam jagung /$c Tim Karya Tani Mandiri =250 ##$$a Cetatakan 3, Oktober 2014 =300 ##$$a viii, 208 halaman : $b ilustrasi ; $c 19,5 cm =020 ##$$a 978-979-071-090-0 =041 ##$$a ind =082 ##$$a 633.15 =084 ##$$a 633.15 TIM p =264 ##$$a Bandung :$b Nuansa Aulia,$c 2010 =336 ##$$a teks$2 rdacontent =337 ##$$a tanpa perantara$2 rdamedia =338 ##$$a volume$2 rdacarrier =504 ##$$a Bibliografi : halaman 205-208 =650 #4$$a Jagung =990 ##$$a 11401140